000 00626cam a2200217 a 4500
001 94723
005 20171215041543.0
008 960620s1997 maua 001 0 eng
010 _a 96077015
020 _a0669417947 (student text)
040 _aDLC
_cDLC
_dDLC
041 _aeng
080 _a540
082 0 0 _a540 ZUM
_221
100 1 _a12
101 _aKIM
245 1 0 _aChemistry /
_cSteven S. Zumdahl.
906 _a7
_bcbc
_corignew
_d3
_eopcn
_f19
_gy-gencatlg
942 _2ddc
_cBK
999 _c38974
_d38974